| 000 | 00665nam a2200217Ii 4500 | ||
|---|---|---|---|
| 001 | 15706 | ||
| 003 | CO-ViMGA | ||
| 008 | 241108s9999||||xx |||||||||||||| ||und|| | ||
| 020 | _a9584205552 | ||
| 040 |
_aCO-ViMGA _bspa _erda _cCO-ViMGA |
||
| 041 | 0 | _aspa | |
| 082 | 0 | 4 | _aCo863.44 C17s |
| 100 | 1 |
_aGermán Castro Caycedo _947281 |
|
| 245 | 1 | 0 |
_aSin tregua : _bni en la muerte, ni en el destierro, ni en el despojo del estado |
| 264 | 1 | _aBogotá, Colombia : Planeta, 2003 | |
| 300 | _avolumen | ||
| 336 |
_atext _btxt _2rdacontent |
||
| 337 |
_aunmediated _bn _2rdamedia |
||
| 338 |
_avolume _bnc _2rdacarrier |
||
| 940 | _aidficha_siabuc: 15390. -- ficha_no_siabuc:15706 | ||
| 999 |
_c41865 _d41865 |
||